Southville International School and Colleges
Your cart is empty.
  • Cart
  • Lists
    Public lists Eva Luna New books Lux_list list_1
    Your lists Log in to create your own lists
  • Log in to your account
  • Your cookies
  • Search history
Southville International School and Colleges
  • Advanced search
  • Recent comments
  • Most popular
  • Libraries

Log in to your account

Log in with GOOGLE


If you do not have an external account, but do have a local account, you can still log in:

  1. Home
  2. MARC view: Tatlong sarsuela /
Normal view MARC view ISBD view

Tatlong sarsuela / (Record no. 20610)

[ view plain ]
MARC details
000 -LEADER
fixed length control field 00613nam a2200205 a 4500
005 - DATE AND TIME OF LATEST TRANSACTION
control field 20140310183241.0
008 - FIXED-LENGTH DATA ELEMENTS--GENERAL INFORMATION
fixed length control field 041110s19uu xx 00 eng d
020 ## - INTERNATIONAL STANDARD BOOK NUMBER
International Standard Book Number 9715423698
050 ## - LIBRARY OF CONGRESS CALL NUMBER
Classification number PL 6062.2
Item number .D368 2003
100 ## - MAIN ENTRY--PERSONAL NAME
Personal name de Jesus, George III
245 ## - TITLE STATEMENT
Title Tatlong sarsuela /
Statement of responsibility, etc George III de Jesus
260 ## - PUBLICATION, DISTRIBUTION, ETC. (IMPRINT)
Place of publication, distribution, etc Diliman, Quezon City :
Name of publisher, distributor, etc University of the Philippines Press,
Date of publication, distribution, etc 2003.
300 ## - PHYSICAL DESCRIPTION
Extent x, 207 p. :
Dimensions 23 cm.
650 ## - SUBJECT ADDED ENTRY--TOPICAL TERM
Topical term or geographic name as entry element Tagalog literature.
650 ## - SUBJECT ADDED ENTRY--TOPICAL TERM
Topical term or geographic name as entry element Plays
General subdivision Philippines.
700 ## - ADDED ENTRY--PERSONAL NAME
Personal name Lumbera. Bienvenido
700 ## - ADDED ENTRY--PERSONAL NAME
Personal name Maggay, Melba Padilla
942 ## - ADDED ENTRY ELEMENTS (KOHA)
Koha item type Books
Source of classification or shelving scheme Library of Congress Classification
Call number prefix Rare Filipiniana
Holdings
Withdrawn status Lost status Source of classification or shelving scheme Damaged status Home library Current library Shelving location Date acquired Total Checkouts Full call number Barcode Date last seen Copy number Price effective from Koha item type
    Library of Congress Classification   College Library College Library Filipiniana Section 11/10/2004   PL 6062.2 .D368 2003 C4994 05/08/2018 1 10/10/2013 Books

Tatlong sarsuela /

APA

de Jesus G. I., Lumbera. Bienvenido & Maggay M. P. (2003). Tatlong sarsuela. Diliman, Quezon City: University of the Philippines Press.

Chicago

de Jesus George III, Lumbera. Bienvenido and Maggay Melba Padilla. 2003. Tatlong sarsuela. Diliman, Quezon City: University of the Philippines Press.

Harvard

de Jesus G. I., Lumbera. Bienvenido and Maggay M. P. (2003). Tatlong sarsuela. Diliman, Quezon City: University of the Philippines Press.

MLA

de Jesus George III, Lumbera. Bienvenido and Maggay Melba Padilla. Tatlong sarsuela. Diliman, Quezon City: University of the Philippines Press. 2003.

  • Place hold
  • Print
  • Cite
  • Add to your cart (remove)
  • Save record
    BIBTEX Dublin Core MARCXML MARC (non-Unicode/MARC-8) MARC (Unicode/UTF-8) MARC (Unicode/UTF-8, Standard) MODS (XML) RIS
  • More searches
    Search for this title in:
    Other Libraries (WorldCat) Other Databases (Google Scholar) Online Stores (Bookfinder.com) Open Library (openlibrary.org)

Exporting to Dublin Core...

SOUTHVILLE LIBRARY

Southville International School and Colleges Library

1281 Tropical Ave. Cor. Luxembourg St., BF Homes International, Las Pinas City

Tel. No. 8256374 / 252358 Loc. 117/146

Powered by Koha